Физический практикум для студентов русско-американского центра Томского политехнического университета на английском языке; Технический университет: реформы в обществе и открытое образовательное пространство; Т. 2

Chi tiết về thư mục
Parent link:Технический университет: реформы в обществе и открытое образовательное пространство: труды Международной научно-практической конференции, 14-17 мая 1996 г., Томск/ Томский политехнический университет.— , 1996
Т. 2.— 1996.— С. 134
Tác giả chính: Антонов В. М.
Tác giả khác: Пичугин В. Ф. Владимир Федорович
Ngôn ngữ:Tiếng Nga
Được phát hành: 1996
Những chủ đề:
Định dạng: MixedMaterials Chương của sách
KOHA link:https://koha.lib.tpu.ru/cgi-bin/koha/opac-detail.pl?biblionumber=52705

MARC

LEADER 00000naa2a2200000 4500
001 52705
005 20251201175409.0
035 |a (RuTPU)RU\TPU\book\55245 
035 |a RU\TPU\book\55181 
090 |a 52705 
100 |a 20030605d1996 k y0rusy50 ca 
101 0 |a rus 
102 |a RU 
200 1 |a Физический практикум для студентов русско-американского центра Томского политехнического университета на английском языке  |f В. М. Антонов, В. Ф. Пичугин 
461 1 |0 (RuTPU)RU\TPU\book\127170  |t Технический университет: реформы в обществе и открытое образовательное пространство  |o труды Международной научно-практической конференции, 14-17 мая 1996 г., Томск  |o в 2 т.  |f Томский политехнический университет  |d 1996 
463 1 |0 (RuTPU)RU\TPU\book\13019  |t Т. 2  |v С. 134  |d 1996 
610 1 |a труды учёных ТПУ 
700 1 |a Антонов  |b В. М. 
701 1 |a Пичугин  |b В. Ф.  |c российский физик  |c профессор Томского политехнического университета, доктор физико-математических наук  |f 1944-  |g Владимир Федорович  |3 (RuTPU)RU\TPU\pers\25824 
801 2 |a RU  |b 63413507  |c 20140428  |g PSBO 
942 |c BK